[Event "40th Nezhmetdinov Memorial 2018"]
[Site "Kazan"]
[Date "2018.09.17"]
[Round "5"]
[White "Yeletsky, Ivan"]
[Black "Pridorozhni, Aleksei"]
[Result "0-1"]
[WhiteElo "2388"]
[BlackElo "2573"]
[Annotator "TA"]
[PlyCount "84"]
[EventDate "2018.09.11"]
[EventType "swiss"]
[EventCountry "RUS"]
[SourceTitle "playchess.com"]
[Source "ChessBase"]
[SourceQuality "1"]

{[%evp 17,84,60,82,84,80,75,83,72,75,29,72,39,50,49,65,58,63,48,52,42,48,-59,-37,-48,-50,-52,-43,-32,-45,-55,-43,-39,-25,-101,-106,-162,-149,-157,-161,-237,-236,-230,-225,-440,-370,-410,-393,-731,-718,-699,-611,-574,-560,-550,-567,-565,-548,-513,-472,-29967,-29969,-29968,-29970,-29966,-29965,-5577,-5293,-29983,-29984]} 1. d4 Nf6 2. c4 g6 3. f3 Bg7 4. e4 d6 5. Nc3 O-O 6. Be3 e5 7. Nge2 {[%cal Bg1e2,Be2c1,Bc1d3][%mdl 32]} Nbd7 8. Qd2 a6 9. d5 h5 {LiveBook: 3 Games. E85: King's Indian: Sämisch: 6...e5} 10. Nc1 Nh7 11. Be2 $146 ({Predecessor:} 11. Nd3 f5 12. O-O-O Ndf6 13. Kb1 fxe4 14. Nxe4 Nxe4 15. fxe4 Bf6 16. g3 Bg5 17. h4 Bxe3 18. Qxe3 {0-1 (41) Carow,J (2437)-Kozul,Z (2617) Karlsruhe 2018}) 11... f5 {White is better.} 12. Nd3 Ndf6 13. O-O (13. exf5 {keeps more tension.} gxf5 14. O-O-O Bd7 15. Kb1 Qe8 16. Rhg1) 13... fxe4 14. Nxe4 Nxe4 15. fxe4 Rxf1+ 16. Rxf1 Bf6 17. c5 Bg5 18. Rc1 Bd7 19. c6 (19. Ne1 $14) 19... bxc6 $15 20. dxc6 Be6 21. Nb4 Bxe3+ 22. Qxe3 a5 {[%cal Ba6a5,Ba5a4][%mdl 32]} 23. Nd5 Bxd5 $1 24. exd5 Kg7 25. Rc3 (25. Bd3 $11) 25... Nf6 $17 26. Bf3 (26. Bc4 $17 {keeps fighting.}) 26... a4 $19 27. a3 Qg8 28. Qd3 (28. Rd3 {is a better defense.}) 28... Qb8 29. b4 {[#]} e4 $1 {[%mdl 512]} 30. Bxe4 $2 (30. Qe3 {was the only chance.} Qe8 31. Bd1) 30... Qb6+ 31. Kf1 Ng4 {[%csl Gg4][%cal Rb6f2]} 32. Ke1 $2 (32. Qd2 Re8 33. h3 Nh2+ 34. Ke2 Rxe4+ 35. Re3 Rxe3+ 36. Qxe3 Qxe3+ 37. Kxe3 Nf1+ 38. Kd3) 32... Re8 33. Qe2 Qg1+ 34. Kd2 Qd4+ 35. Qd3 Rxe4 36. Qxd4+ Rxd4+ {[%mdl 4096] Endgame KRN-KR} 37. Rd3 Rf4 38. Rf3 {[#]} (38. Kc3 $19 Rf1 39. Kc2) 38... Rxf3 39. gxf3 Nf6 40. Kc3 Nxd5+ 41. Kc4 Nb6+ 42. Kb5 Kf6 {Precision: White = 43%, Black = 77%.} 0-1

[Event "40th Nezhmetdinov Memorial 2018"]
[Site "Kazan"]
[Date "2018.09.18"]
[Round "6"]
[White "Kokarev, Dmitry"]
[Black "Iljiushenok, Ilia"]
[Result "1/2-1/2"]
[WhiteElo "2595"]
[BlackElo "2532"]
[Annotator "TA"]
[PlyCount "61"]
[EventDate "2018.09.11"]
[EventType "swiss"]
[EventCountry "RUS"]
[SourceTitle "playchess.com"]
[Source "ChessBase"]
[SourceQuality "1"]

{[%evp 23,61,0,22,18,56,-21,-25,-16,-6,0,-5,-21,-35,-66,-43,-70,-37,-33,-31,-27,-29,-34,0,-23,-29,-38,0,-39,-35,-45,-25,-21,0,0,0,-31,0,0,0,-36]} 1. e4 e5 2. Nf3 Nc6 3. Bb5 Nf6 4. O-O Nxe4 5. d4 Nd6 {[%cal Be4d6,Bd6f5,Bf5e7,Be7g6,Bg6f4][%mdl 32]} 6. Bxc6 dxc6 7. dxe5 Nf5 8. Qxd8+ Kxd8 9. h3 Bd7 10. Nc3 h6 11. b3 Kc8 12. Bb2 Ne7 {LiveBook: 53 Games. C67: Ruy Lopez: Berlin Defence: 4 0-0 Nxe4} 13. Ne2 {[#]} b6 $146 ({Predecessor:} 13... Ng6 14. Rfe1 a5 15. a4 Bb4 16. Red1 Re8 17. Ng3 Nf4 18. e6 Bxe6 19. Bxg7 Bd5 20. Bxh6 Nxh3+ 21. Kf1 Bxf3 22. gxf3 Rg8 23. Be3 Bd6 24. Rd2 b6 25. Rad1 Kb7 26. Kg2 {½-½ (26) Karjakin,S (2772)-Bruzon Batista,L (2682) Poikovsky 2011}) 14. Rfe1 ({Better is} 14. Nf4 $14) 14... Ng6 $11 15. Ned4 Nf4 16. Re4 Ne6 $1 17. Nxe6 fxe6 18. Ne1 Be7 19. Nd3 g5 20. f4 Be8 21. Rf1 Bg6 22. Re2 Rf8 23. fxg5 {[#] aiming for Rxf8+.} Rxf1+ 24. Kxf1 {Black must now prevent Nf4.} hxg5 25. Ke1 Kb7 26. Bc1 Rd8 27. Nf2 Bb4+ 28. Kf1 Be7 29. Ke1 Bb4+ 30. Kf1 Be7 31. Ke1 {Precision: White = 63%, Black = 45%.} 1/2-1/2

[Event "40th Nezhmetdinov Memorial 2018"]
[Site "Kazan"]
[Date "2018.09.18"]
[Round "6"]
[White "Timofeev, Artyom"]
[Black "Samusenko, Maksim"]
[Result "1-0"]
[WhiteElo "2588"]
[BlackElo "2442"]
[Annotator "TA"]
[PlyCount "97"]
[EventDate "2018.09.11"]
[EventType "swiss"]
[EventCountry "RUS"]
[SourceTitle "playchess.com"]
[Source "ChessBase"]
[SourceQuality "1"]

{[%evp 9,97,13,16,4,20,-2,0,-8,13,0,0,0,19,0,16,16,16,10,8,16,30,21,32,27,36,32,35,20,47,26,31,29,38,29,75,38,43,39,120,116,97,18,69,64,68,73,75,67,57,60,80,63,126,122,114,101,143,0,98,77,75,64,60,60,70,76,67,80,80,11,85,93,89,89,317,336,630,589,970,914,907,907,879,834,29980,29978,29983,29984,29981,29982]} 1. d4 Nf6 2. g3 d6 3. Bg2 Nbd7 4. d5 g6 5. Nc3 Bg7 6. Nh3 $146 {A45: Trompowsky Attack} ({Predecessor:} 6. Nf3 O-O 7. Nd4 Re8 8. O-O Nf8 9. a4 e6 10. dxe6 fxe6 11. e4 a5 12. Ndb5 Qe7 13. Qe2 c6 14. Nxd6 Qxd6 15. e5 Qc7 16. exf6 Bxf6 {½-½ (41) Kortschnoj,V (2602)-Vukic,M (2457) Banja Luka 2008}) 6... O-O 7. O-O Nc5 8. Nf4 {The position is equal.} Bd7 9. Be3 c6 10. Bd4 Rc8 (10... e6 {keeps more tension.} 11. dxe6 Nxe6 12. Nxe6 Bxe6 13. e4 Re8) 11. Qd2 (11. a4 {feels hotter.} g5 12. Nd3 Nxd3 13. Qxd3 cxd5 14. Bxd5 e5 15. Be3) 11... cxd5 12. Nfxd5 Nxd5 13. Bxg7 Kxg7 14. Nxd5 b6 15. Qd4+ f6 16. Rfd1 Be6 17. c4 Qd7 18. Qe3 Rfe8 19. Rd4 Bf5 20. b3 (20. Rh4 g5 $17) 20... Ne6 21. Rd2 ({Much weaker is} 21. Rh4 g5 $11) 21... h5 22. Rad1 Rc5 23. h4 b5 (23... Nc7 $14) 24. cxb5 Rxb5 25. Qc3 ({Better is} 25. Rc1 $16) 25... Rc5 (25... Rc8 $11 26. Qa1 Nd8) 26. Qb2 $14 {And now e4 would win.} Nf8 27. b4 Rcc8 28. b5 Rc5 29. a4 Rec8 30. Qa3 Qd8 {[#]} ({Black should try} 30... Qe6 $14) 31. Qe3 $1 $16 Be6 32. Nf4 Bd7 33. Nd5 {[%cal Bf4d5,Bd5b4,Bb4c6][%mdl 32]} Be6 34. Nb4 Qa5 35. Nc6 Qxa4 36. Rd4 $36 {[%mdl 2048] White is pushing.} Qb3 37. Qxb3 Bxb3 38. Ra1 Bc4 39. Nxa7 (39. Rxa7 $16 Bxb5 40. Rxe7+ Kg8 41. Nb4) 39... Rb8 (39... Re8 $1 $11) 40. Nc6 Rbxb5 {[#]} 41. Ra7 $1 {[%cal Ra7e7]} g5 $2 (41... d5 $16 {was necessary.} 42. Rxe7+ (42. Nxe7 Ne6 $16) 42... Kg8) 42. Rxe7+ $18 Kh6 $2 (42... Kg8 43. Rxd6 Rb2) 43. Rxd6 gxh4 44. Rxf6+ Ng6 45. Be4 {[%csl Ge4][%cal Rf6g6]} Rg5 46. Nd4 hxg3 47. f4 {White mates.} Rg4 48. Nxb5 Bxb5 49. Ree6 {Precision: White = 59%, Black = 30%.} 1-0

[Event "40th Nezhmetdinov Memorial 2018"]
[Site "Kazan"]
[Date "2018.09.18"]
[Round "6"]
[White "Rozum, Ivan"]
[Black "Artemiev, Vladislav"]
[Result "1/2-1/2"]
[WhiteElo "2576"]
[BlackElo "2703"]
[Annotator "TA"]
[PlyCount "80"]
[EventDate "2018.09.11"]
[EventType "swiss"]
[EventCountry "RUS"]
[SourceTitle "playchess.com"]
[Source "ChessBase"]
[SourceQuality "1"]

{[%evp 19,80,14,25,19,39,0,0,0,0,-32,-34,-45,-44,-44,-23,-53,-35,-43,-42,-70,-72,-51,0,0,0,-75,-69,-80,-61,-53,0,0,0,0,0,-61,0,0,0,0,0,0,0,0,0,0,0,0,0,0,0,0,0,0,0,0,0,0,0,0,0,0,0]} 1. d4 Nf6 2. c4 g6 3. Nc3 d5 4. Nf3 Bg7 5. h4 c6 6. cxd5 {D90: Grünfeld: 4 Nf3 Bg7 sidelines} cxd5 7. Bf4 Nc6 {[%cal Bb8c6,Bc6a5,Ba5c4,Bc4d2][%mdl 32]} 8. e3 O-O 9. Qb3 Na5 10. Qa3 Bf5 {LiveBook: 3 Games} 11. Be2 Bg4 $146 ({Predecessor:} 11... Nc4 12. Qb3 Qb6 13. Bxc4 dxc4 14. Qxb6 axb6 {½-½ (64) Xu,X (2503)-Areshchenko,A (2682) Sharjah 2017}) 12. O-O Bxf3 13. Bxf3 Nc4 14. Qb4 Nd2 15. Rfc1 Nxf3+ 16. gxf3 Nh5 17. Bh2 ({Don't blunder} 17. Qxb7 $2 Nxf4 18. exf4 e6 $19) 17... e6 18. Qxb7 Qxh4 19. Nb5 Qh3 20. Nxa7 {aiming for Nc8.} Qxf3 (20... e5 $15 21. Nc6 exd4 22. exd4 Qxf3 23. Ne7+ Kh8 24. Qxd5 Qg4+ 25. Kh1 Nf6) 21. Nc8 $1 $11 Ra4 22. Qb5 (22. Ne7+ $1 $11 {keeps the balance.} Kh8 23. Rc8 Qg4+ 24. Kf1 Qh3+ 25. Kg1 Qg4+ 26. Kf1 Qh3+ 27. Kg1 Qg4+) 22... Qg4+ $17 ({Much weaker is} 22... Ra8 23. Qb7 $11) 23. Kf1 Qh3+ 24. Kg1 $1 {[#]} Ra8 (24... Rc4 $1 $15 {[%mdl 512]} 25. Rxc4 dxc4 26. Ne7+ Kh8) 25. Qb7 $1 $11 {[%cal Rb7a8]} Ra5 26. Qb6 Ra4 ({Black should try} 26... Qg4+ $11 27. Kf1 Qh3+ 28. Kg1 Qg4+ 29. Kf1 Ra4) 27. Qb5 $15 {[#]} Nf6 ({Better is} 27... Rc4 $1 $15 {[%mdl 512]} 28. Rxc4 dxc4) 28. Qxa4 $11 {Black must now prevent Ne7+.The position is equal.} Ng4 $1 {[%cal Bf6g4,Bg4h2,Bh2f3][%mdl 32]} 29. Bf4 g5 30. Bd6 {Strongly threatening Rc2.} e5 31. Ne7+ Kh8 {( -> ...Qh2+)} 32. Qc2 {Threatens to win with Qf5.} Nh2 $1 {[%cal Rh2f3]} 33. f4 Qg3+ 34. Qg2 $1 {[%cal Rg2g3]} (34. Kh1 {gets mated.} Nf3 35. Ng6+ hxg6 36. Bxf8 Qh3+ 37. Qh2 Qxh2#) 34... Nf3+ 35. Kf1 Nh2+ 36. Kg1 $1 Nf3+ 37. Kf1 Nh2+ 38. Kg1 $1 Nf3+ 39. Kf1 Nh2+ 40. Kg1 $1 Nf3+ {Precision: White = 65%, Black = 49%.} 1/2-1/2

[Event "40th Nezhmetdinov Memorial 2018"]
[Site "Kazan"]
[Date "2018.09.18"]
[Round "6"]
[White "Pridorozhni, Aleksei"]
[Black "Yudin, Sergei"]
[Result "1/2-1/2"]
[WhiteElo "2573"]
[BlackElo "2525"]
[Annotator "TA"]
[PlyCount "111"]
[EventDate "2018.09.11"]
[EventType "swiss"]
[EventCountry "RUS"]
[SourceTitle "playchess.com"]
[Source "ChessBase"]
[SourceQuality "1"]

{[%evp 20,111,33,32,34,37,43,34,41,49,48,12,19,0,0,0,0,0,0,-29,0,0,0,-7,25,-66,-28,-31,16,6,10,0,3,0,0,0,0,0,25,6,24,0,8,-19,0,0,0,0,0,0,0,0,44,0,54,51,214,207,220,18,18,15,20,17,254,-44,30,0,0,0,0,0,0,0,0,0,0,-22,-16,-27,0,0,0,0,0,0,0,0,0,0,0,0,0,0]} 1. Nf3 e6 2. c4 d5 3. e3 c6 4. Nc3 f5 5. d4 Nf6 6. Bd3 Bd6 7. O-O O-O 8. b3 Ne4 9. Bb2 Nd7 10. Ne2 {A85: Dutch Defence: 2 c4 Nf6 3 Nc3} Qf6 (10... b6 11. cxd5 cxd5 12. Ne5 Bb7 13. Bb5 Nxe5 14. dxe5 Bc5 15. Nd4 Qe7 16. f3 Ng5 {1-0 (47) Esipenko,A (2581)-Krasenkow,M (2644) Batumi 2018}) 11. Nf4 {LiveBook: 3 Games} b6 12. Qe2 $146 {White is slightly better.} ({Predecessor:} 12. Rc1 Bb7 13. Qe2 Qe7 14. Ne5 Rac8 15. Rc2 g6 16. Rfc1 Nxe5 17. dxe5 {1-0 (59) Tieken,F (2233)-Gavrijski,D (2048) ICCF email 2017}) 12... Bb7 13. Ne5 Qe7 (13... Nxe5 $2 14. dxe5 Bxe5 15. Nh5 $18) 14. f3 {aiming for Nxd7.} Ng5 15. Nh5 g6 16. Ng3 Nf7 {[%cal Rd7e5]} 17. f4 Nf6 18. Rac1 Rac8 19. Kh1 Ba8 20. Rfd1 c5 21. Nf1 dxc4 22. bxc4 (22. Nxc4 $11 cxd4 23. Nxd6 Nxd6 24. Bxd4) 22... Bb8 23. Nd2 Nd6 24. Kg1 Rfd8 25. Ba1 Nde4 26. Ndf3 Bd6 27. a4 cxd4 28. exd4 Bb4 29. Bb1 Qe8 30. Qa2 Qe7 31. Rd3 Nh5 32. g3 g5 33. fxg5 Nxg5 34. Nxg5 Qxg5 35. Rf1 $1 Nf6 36. Qb2 (36. Qe2 $5 {[%cal Re5f3]} Ne4 37. Ba2 $11) 36... Be7 (36... Rxd4 $1 $11 37. Qxb4 (37. Rxd4 Qe3+ 38. Rf2 Qe1+ 39. Rf1 Qe3+ 40. Rf2 Qe1+ 41. Rf1 Qe3+ $11) 37... Rxd3 38. Nxd3 Qe3+ 39. Nf2 Qf3) 37. d5 $14 exd5 $2 ({Black should play} 37... Qg7 $14) 38. cxd5 $18 Bxd5 {[#] ...Bc5+ is the strong threat.} 39. Nf3 $2 (39. h4 $1 $18 {[%cal Rh4g5]} Qh6 40. Ba2) 39... Qg4 $1 $11 {[#]} 40. Rxd5 $1 {[%mdl 512]} Rxd5 41. Ba2 Qe4 $2 {[#]} (41... Kf8 $1 $11 {and Black has nothing to worry.}) 42. Rd1 $2 (42. Qb3 $1 $18) 42... Rcd8 ({Better is} 42... Rcc5 $15 43. Qd2 Rc2 44. Qg5+ (44. Bxd5+ Nxd5 45. Qxd5+ Qxd5 $11) 44... Kf8 45. Bxd5 Nxd5 46. Qg7+ Ke8 47. Qg8+ Bf8 48. Qxd5 Bc5+ 49. Kh1 Qxd5 50. Rxd5 Rc1+ 51. Kg2 Rxa1 52. Re5+ Kd7 53. Rxf5 Rxa4 54. Rf7+ Ke6 55. Ng5+ Ke5 56. Nf3+ Kd5 57. Rd7+ Ke4 58. Ng5+ Ke3 59. Rxh7 Ra2+ 60. Kh3 a5) 43. Re1 Qxf3 44. Rxe7 R8d6 45. Re5 {[#]} ({Not} 45. Rxa7 $2 Qd1+ 46. Kg2 f4 $19) 45... Kf8 $1 46. Bxd5 Qd1+ $1 ({Avoid the trap} 46... Nxd5 $2 47. Re1 $18) 47. Kg2 Rxd5 48. Rxd5 Qxd5+ 49. Kh3 Ne4 50. Qg7+ {The position is equal.} Ke8 51. Qh8+ $1 Kd7 {( -> ...Nf2+)} 52. Qxh7+ Kc8 {Strongly threatening ...Ng5+.} 53. Qg7 Qe6 54. Be5 {[%csl Ge5][%cal Rg7c7]} Ng5+ 55. Qxg5 Qxe5 56. Qg8+ {Precision: White = 44%, Black = 42%.} 1/2-1/2

[Event "40th Nezhmetdinov Memorial 2018"]
[Site "Kazan"]
[Date "2018.09.18"]
[Round "6"]
[White "Korneev, Oleg"]
[Black "Gabrielian, Artur"]
[Result "1-0"]
[WhiteElo "2547"]
[BlackElo "2503"]
[Annotator "TA"]
[PlyCount "115"]
[EventDate "2018.09.11"]
[EventType "swiss"]
[EventCountry "RUS"]
[SourceTitle "playchess.com"]
[Source "ChessBase"]
[SourceQuality "1"]

{[%evp 22,115,-12,0,26,26,28,23,23,28,23,22,23,13,15,15,15,15,13,14,15,13,12,8,8,6,11,11,11,11,13,9,11,11,11,11,11,11,32,32,32,32,33,32,32,32,113,113,113,113,113,113,113,113,112,112,113,113,190,139,428,428,387,380,29972,29973,29974,29975,29974,29972,29976,29977,29977,29978,29978,29979,29979,29980,29980,29981,29981,29982,29983,29982,29982,29982,29984,29985,29985,29982,29982,29981,29985,29986,29989,29986]} 1. e4 {[%cal Be2e4,Be4e5][%mdl 32]} c5 2. c3 Nf6 3. e5 Nd5 4. d4 cxd4 5. Nf3 d6 6. cxd4 Nc6 7. Bc4 dxe5 8. Nxe5 e6 9. O-O Bd6 10. Nxc6 bxc6 11. Nd2 O-O 12. Re1 {LiveBook: 3 Partien} c5 $146 {B22: Sizilianisch (Alapin 2.c3)} (12... Qc7 {feels hotter.} 13. h3 Rd8 14. Ne4 Be7 15. Qd3 Nb4) ({Vorgänger:} 12... Qc7 13. Nf3 Bb7 14. Bd2 c5 15. Rc1 Qb6 16. Qa4 a5 17. Qb3 Qxb3 18. Bxb3 Rfc8 19. dxc5 Bxc5 20. Bc4 {½-½ (67) Khamrakulov,D (2478)-Haznedaroglu,K (2501) Cesme 2017}) 13. Ne4 cxd4 14. Bxd5 exd5 {Weiß hat minimalen Vorteil.} 15. Nxd6 Qxd6 16. Qxd4 Be6 17. Be3 Rfc8 18. Rec1 a6 19. h3 Rxc1+ 20. Rxc1 Rc8 21. Rxc8+ Bxc8 22. Qc3 Bd7 23. Qa5 {zielt auf Dd8+ ab.} (23. b3 {keeps more tension.} f6 24. f3 Bf5 25. Bc5 Qc6 26. Bd4) 23... Be8 24. Qc5 Qxc5 25. Bxc5 $11 {[%mdl 4096] Endspiel KL-KL} f6 26. f3 Kf7 27. Kf2 Ke6 28. Ke3 g5 29. b3 {[%cal Bb2b3,Bb3b4,Bb4b5][%mdl 32]} h5 30. a4 h4 31. Kd4 Bd7 32. Bb6 Be8 33. Bd8 Bg6 (33... Kf5 $14) 34. b4 $1 $16 Be8 {[#]} 35. b5 $1 {[%mdl 512]} axb5 36. a5 b4 37. a6 {[%mdl 1024] Und weiter mit Kc5 wäre nett. Weiss hat starke Kompensation.} b3 {Droht stark ...b2.} 38. Kc3 Ba4 39. Bb6 Kf5 (39... d4+ $16 {ist eine bessere Verteidigung.} 40. Bxd4 f5) 40. Bd4 (40. a7 $18 Bc6 41. Kxb3) 40... Kf4 $2 {[%mdl 8192]} (40... b2 $16 {ist wohl besser.} 41. Kxb2 Kf4) 41. a7 $1 $18 {[%cal Ra7a8]} Bc6 42. Bxf6 Kg3 $2 (42... Bb7 $18 43. Kxb3 Bc6) 43. Bxg5 {Weiß setzt Matt.} d4+ 44. Kxb3 Bd5+ 45. Kb4 Kxg2 46. f4 $1 {[%cal Bf3f4,Bf4f5,Bf5f6,Bf6f7][%mdl 32]} Kxh3 47. f5 $1 Kg4 {[#]} 48. f6 $1 {[%cal Rf6f7]} h3 {[#]} 49. Bf4 $1 {[%mdl 512]} Kxf4 {[#]} 50. f7 $1 {[%cal Rf7f8][%mdl 512]} Bxf7 51. a8=Q Be6 52. Qb8+ Ke4 53. Qg3 Bf5 54. Kc5 d3 55. Qf2 Bg4 56. Kc4 d2 57. Qxd2 Kf3 58. Qh2 {Precision: Weiß = 81%, Schwarz = 47%.} 1-0

[Event "40th Nezhmetdinov Memorial 2018"]
[Site "Kazan"]
[Date "2018.09.18"]
[Round "6"]
[White "Levin, Evgeny A"]
[Black "Tsoi, Dmitry"]
[Result "1-0"]
[WhiteElo "2516"]
[BlackElo "2422"]
[Annotator "TA"]
[PlyCount "105"]
[EventDate "2018.09.11"]
[EventType "swiss"]
[EventCountry "RUS"]
[SourceTitle "playchess.com"]
[Source "ChessBase"]
[SourceQuality "1"]

{[%evp 19,105,55,51,56,58,51,52,43,75,58,63,47,51,52,60,53,69,70,71,74,102,111,133,135,137,134,152,131,141,133,156,127,135,124,108,120,146,138,276,256,248,205,647,640,676,672,699,613,575,350,493,493,480,522,627,601,556,541,510,549,556,556,567,561,561,563,556,534,541,539,487,369,350,310,708,676,639,479,484,442,3134,2793,29980,29979,29979,29980,29980,29980]} 1. d4 d6 2. c4 Nf6 3. Nc3 Nbd7 4. e4 e5 5. Nf3 Be7 6. Be2 O-O 7. O-O c6 8. Re1 Re8 9. Bf1 exd4 10. Nxd4 Bf8 {LiveBook: 6 Games} 11. Bf4 {A55: Old Indian Defence with Nf3 and e4} Nc5 {[%cal Rc5e4]} 12. Qc2 a5 $146 ({Predecessor:} 12... Nh5 13. Be3 g6 14. Rad1 Qf6 15. Qd2 Nxe4 16. Nxe4 Rxe4 17. Be2 Re5 18. f4 Re8 {0-1 (45) Teixeira,R (2225)-Galego,L (2479) Rio de Janeiro 2017}) 13. Rad1 {White is slightly better.} Ng4 14. f3 Ne5 15. Nb3 Qf6 16. Be3 Nxb3 17. axb3 h5 18. Qd2 Qg6 {[#] Threatens to win with ...Nxf3+.} 19. Kh1 h4 20. f4 {[%cal Bf3f4,Bf4f5][%mdl 32]} Nd7 21. f5 Qh5 22. Bf4 Ne5 23. Be2 Qh8 24. Rf1 b6 25. Qe3 Rb8 26. Bg5 {Rf4 is the strong threat.} f6 27. Bf4 Nf7 28. Qf2 Bb7 (28... Qh7 $16 {keeps fighting.} 29. h3 c5) 29. Rd3 $18 (29. Qxb6 $6 c5 $16) 29... Ng5 30. e5 ({Much less strong is} 30. Qxb6 $6 c5) 30... Rxe5 $2 (30... dxe5 31. Bxg5 e4) 31. Bxe5 dxe5 32. Qxb6 c5 33. Qc7 h3 34. Qxb8 hxg2+ 35. Kg1 {[%cal Bh1g1,Bg1f1,Bf1f2,Bf2e3][%mdl 32]} gxf1=Q+ 36. Kxf1 Qxh2 {[#] aiming for ...Qh1+.} 37. Qxb7 e4 {And now ...Qh1+ would win.} 38. Qd5+ Kh7 39. Nxe4 Qh1+ 40. Kf2 {White wants to mate with Nxg5+.} Qxe4 41. Qxe4 Nxe4+ {[%mdl 4096] Endgame KRB-KBN} 42. Ke3 Nd6 43. Rd5 Nf7 44. Rd7 Ne5 45. Ra7 Nc6 46. Ra8 Be7 $2 (46... Bd6 47. Ke4 Nb4) 47. Bh5 Kh6 48. Kf4 {[%cal Ra8h8]} Bd6+ 49. Kg4 {[%cal Ra8h8]} Nb8 (49... g6 $142 50. fxg6 Be5 51. Rh8+ Kg7) 50. Be8 Kh7 51. Rxa5 {White mates.} Kg8 52. Ra7 Kf8 53. Bb5 {Precision: White = 72%, Black = 46%.} 1-0

[Event "40th Nezhmetdinov Memorial 2018"]
[Site "Kazan"]
[Date "2018.09.18"]
[Round "6"]
[White "Harutyunian, Tigran K"]
[Black "Bocharov, Dmitry"]
[Result "1-0"]
[WhiteElo "2504"]
[BlackElo "2562"]
[Annotator "TA"]
[PlyCount "65"]
[EventDate "2018.09.11"]
[EventType "swiss"]
[EventCountry "RUS"]
[SourceTitle "playchess.com"]
[Source "ChessBase"]
[SourceQuality "1"]

{[%evp 11,65,23,17,13,13,6,6,13,14,14,24,-15,0,0,0,-32,-25,-41,-56,-45,-42,-56,-58,-26,-6,-17,-12,-99,-79,-94,-91,-102,-102,-113,-118,-128,-125,-154,-176,-179,-155,-179,-114,-116,-118,-112,0,-72,-29,-34,465,464,29991,29992,29992,29993]} 1. d4 Nf6 2. Nf3 g6 3. Nbd2 Bg7 4. e4 d6 5. Bd3 O-O 6. O-O Nc6 7. a3 {B07: Pirc Defence: Miscellaneous Systems} (7. a4 Nh5 8. d5 Nb4 9. Bc4 c6 10. c3 Na6 11. Re1 Qc7 12. Nd4 Nc5 13. N2b3 Nxb3 14. Bxb3 Bd7 15. h3 Nf6 16. Bf4 Qa5 17. Bh2 Rad8 18. Nf3 Rfe8 19. Nd2 e5 {½-½ (19) Le,Q (2728)-Swiercz,D (2663) Philadelphia 2018}) 7... e5 8. d5 Ne7 9. c4 {The position is equal.} Nh5 10. Re1 $146 ({Predecessor:} 10. b4 Nf4 11. Nb3 f5 12. Bxf4 exf4 13. Ra2 fxe4 14. Bxe4 Nf5 {0-1 (50) Abad Sanmartin,J (2077)-Fernandez Diaz,C (2250) Barcelona 2016}) 10... f5 11. exf5 gxf5 12. Bf1 Nf6 13. Nb1 Ng6 14. Nc3 e4 15. Nd4 Ng4 16. h3 N4e5 $1 17. a4 a5 18. Ra3 Kh8 19. Qh5 (19. Rb3 $11) 19... Nxc4 $1 $17 20. Bxc4 {aiming for Ncb5.} Bxd4 21. Ne2 Be5 22. f4 Bf6 23. g4 Bd7 {White must now prevent ...Be8.} 24. g5 Bg7 {Hoping for ...Be8.} 25. Ng3 c6 {And now ...Qb6+ would win.} 26. Qd1 Nh4 (26... Qb6+ $19 27. Be3 Qb4) 27. Nh5 Qb6+ 28. Kh1 {[#]} Bd4 (28... Qf2 $1 $17 {[%csl Gh4][%cal Rf2g2]} 29. Qe2 Qxe2 30. Bxe2 cxd5 31. Nxg7 Kxg7) 29. Be3 (29. Rb3 $11 Qc5 30. Be3 Bxe3 31. Rbxe3 cxd5 32. Bxd5) 29... Bxe3 30. Raxe3 Nf3 $2 {[%mdl 8192] [#]} (30... Be8 $1 $15 {stays ahead.} 31. b3 Bxh5 32. Qxh5 Ng6) 31. Rxf3 $1 $18 exf3 (31... Be8 $18 32. Rc3 Qa7) 32. b3 Rf7 33. Qa1+ {Precision: White = 50%, Black = 69%.} 1-0